LEADER 01073nam0-2200325 --450 001 9910292357903321 005 20181122151805.0 010 $a978-88-6411-240-4 100 $a20181122d2013----kmuy0itay5050 ba 101 1 $aita$ceng 102 $aIT 105 $a 001yy 200 1 $a<>Tao della mistica$ele vie della contemplazione tra Oriente e Occidente$fYves Raguin$gintroduzione di Maciej Bielawski$gtraduzione di Riccardo Larini$gconsulenza sinologica e glossario a cura di Matteo Nicolini-Zani 210 $aRoma$cFazi Editore$d2013 215 $aXV, 451 p.$d24 cm 225 1 $aCampo dei fiori$v22 610 0 $aContemplazione 610 0 $aReligioni comparate 676 $a291.43$v21$zita 700 1$aRaguin,$bYves$0637337 702 1$aLarini,$bRiccardo 702 1$aNicolini-Zani,$bMatteo 702 1$aBielawski,$bMaciej 801 0$aIT$bUNINA$gREICAT$2UNIMARC 901 $aBK 912 $a9910292357903321 952 $aCOLLEZ. 2391 (22)$b3010/2018$fFSPBC 959 $aFSPBC 996 $aTao della mistica$91538595 997 $aUNINA LEADER 01710nem a2200325 i 4500 001 991003862679707536 007 aj canun 008 080910s1849 sp bz a 0 spa d 034 1 $aa$b200000 035 $ab13762564-39ule_inst 082 0 $a912.19 100 1 $aCoello, Francisco$d<1822-1898>$0313112 245 10$aSegovia$h[Materiale cartografico] /$cpor el teniente coronel capitan de ingenieros D. Francisco Coello ; auxiliado por D. Pascual Madoz, autor de las notas estadísticas e históricas ; grabado en Madrid bajo la dirección de D. Juan Noguera ; el contorno y la topografia por Decorbie y Leclercq ; la letra por Bacot 255 $a1:200000 260 $aMadrid :$b[s.n.],$c1849 300 $a1 c. geogr. col. rileg. in tela ;$c(79 x 103 cm) ripieg. in 18 x 13 cm. 440 0$aAtlas de España y sus posesiones de Ultramar 500 $aTit. alternativo: Atlas de España y sus posesiones de Ultramar. Diccionario geográfico-estadístico-histórico. 500 $aInserti: 1. Segovia. - 1:10000. - 21 x 28 cm ; 2. Contornos de Segovia. - 1:100000. - 12 x 18 cm ; 3. Contornos de Santa María la Real de Nieva. - 1:100000. - 8 x 10 cm ; 4. La Granja. - 1:20000. - 13 x 10 cm ; 5. Contornos de Sepúlveda. - 1:100000. - 8 x 10 cm 700 1 $aMadoz, Pascual$d<1806-1870> 700 1 $aNoguera, Juan 700 1 $aDecorbie 700 1 $aLeclercq, C. 700 1 $aBacot, Pedro 907 $a.b13762564$b02-04-14$c10-09-08 912 $a991003862679707536 945 $aLE023 Ed. preg. XXIX, 9 $g1$iLE009-1438$lle023$o-$pE0.00$q-$rn$so $t0$u0$v0$w0$x0$y.i14825065$z10-09-08 996 $aSegovia$91228591 997 $aUNISALENTO 998 $ale023$b10-09-08$cm$de $eo$fspa$gsp $h0$i0 LEADER 01205nam 2200373 450 001 9910810500803321 005 20210724131004.0 010 $a88-921-8213-7 035 $a(CKB)4100000008403127 035 $a(MiAaPQ)EBC5785692 035 $a(EXLCZ)994100000008403127 100 $a20190627d2019 uy 0 101 0 $aita 135 $aurcnu|||||||| 181 $ctxt$2rdacontent 182 $cc$2rdamedia 183 $acr$2rdacarrier 200 12$aI Confini Della Repressione Penale Della Pornografia Minorile $ela tutela dell'immagine sessuale del minore fra esigenze di protezione e istanze di autonomia /$fMalaika Bianchi 210 1$aTorino :$cG. Giappichelli Editore,$d2019. 215 $a1 online resource (713 pages) 225 1 $aItinerari di diritto penale ;$v92 311 $a88-921-1886-2 410 0$aItinerari di diritto penale ;$v92. 606 $aPornography 615 0$aPornography. 676 $a363.47 700 $aBianchi$b Malaika$0308295 801 0$bMiAaPQ 801 1$bMiAaPQ 801 2$bMiAaPQ 906 $aBOOK 912 $a9910810500803321 996 $aI Confini Della Repressione Penale Della Pornografia Minorile$94094702 997 $aUNINA